000
00341nam a2200145Ia 4500
008
090711s9999 xx 000 0 und d
082
_b
59435
245
_a
अफसाना
260
_c
1987
300
_a
312
630
_a
अफसाना
700
_a
पंडित राम
730
_a
अफसाना
942
_c
BOOK
999
_c
310143
_d
310143